An analysis of Service Quality and Customer Satisfaction in Hostels and Lodges in Livingstone (Record no. 34281)

MARC details
000 -LEADER
fixed length control field 00700nam a2200157 a 4500
008 - FIXED-LENGTH DATA ELEMENTS--GENERAL INFORMATION
fixed length control field 220302s2019 ||||||||||||||||| || u
050 ## - LIBRARY OF CONGRESS CALL NUMBER
Classification number CBU-PG THESIS/MUM
100 ## - MAIN ENTRY--PERSONAL NAME
Personal name Mumba, Mulenga
245 13 - TITLE STATEMENT
Title An analysis of Service Quality and Customer Satisfaction in Hostels and Lodges in Livingstone
Statement of responsibility, etc. By Mulenga Mumba
260 ## - PUBLICATION, DISTRIBUTION, ETC.
Place of publication, distribution, etc. Kitwe
Name of publisher, distributor, etc. Copperbelt University
Date of publication, distribution, etc. 2019
300 ## - PHYSICAL DESCRIPTION
Extent iv, 99 Pages : illustrations
650 ## - SUBJECT ADDED ENTRY--TOPICAL TERM
Topical term or geographic name entry element SERVICE QUALITY IN HOSTELS AND LODGES IN LIVINGSTONE
650 ## - SUBJECT ADDED ENTRY--TOPICAL TERM
Topical term or geographic name entry element CUSTOMER SATISFACTION
650 ## - SUBJECT ADDED ENTRY--TOPICAL TERM
Topical term or geographic name entry element HOSTELS AND LODGES - LIVINGSTONE
995 ## - RECOMMENDATION 995 [LOCAL, UNIMARC FRANCE]
-- CBU-MAIN LIBRARY (Kitwe)
-- 1
-- AVAILABLE
-- Jun 24, 2022
-- University Collection
Holdings
Withdrawn status Lost status Source of classification or shelving scheme Damaged status Not for loan Home library Current library Shelving location Date acquired Total Checkouts Full call number Barcode Date last seen Price effective from Koha item type
          CBU-MAIN LIBRARY, KITWE. CBU-MAIN LIBRARY, KITWE.   11/30/2022   CBU-PG THESIS/MUM B4840 11/30/2022 11/30/2022 MONOGRAPH